Finančná gramotnosť a racionalita

Vymedzenie pojmu a finančná gramotnosť v SR. Finančná gramotnosť a behaviorálne financie. Odchýlky od racionality. Prieskum racionality.

Na minha lista:
Detalhes bibliográficos
Autor principal: Pilch, Ctibor, 1957-
Formato: Capítulo de Livro
Idioma:eslovaco
Assuntos:
Tags: Adicionar Tag
Sem tags, seja o primeiro a adicionar uma tag!

MARC

LEADER 00000naa a2200000 4500
001 0249731
005 20260205071630.6
041 0 |a slo 
044 |a SK 
245 1 0 |a Finančná gramotnosť a racionalita  |c Ctibor Pilch 
520 |a Vymedzenie pojmu a finančná gramotnosť v SR. Finančná gramotnosť a behaviorálne financie. Odchýlky od racionality. Prieskum racionality. 
610 2 0 |a gramotnosť finančná 
610 2 0 |a racionalita 
610 2 0 |a trh finančný 
610 2 0 |a financie behaviorálne 
610 2 0 |a Slovensko 
100 1 |a Pilch, Ctibor, 1957-